| 000 | 00790nam a2200277Ia 4500 | ||
|---|---|---|---|
| 003 | OSt | ||
| 005 | 20221007110425.0 | ||
| 006 | a|||||r|||| 00| 0 | ||
| 007 | ta | ||
| 008 | 221006b |||||||| |||| 00| 0 eng d | ||
| 020 | _a0669046337 | ||
| 024 | _a21,107 | ||
| 037 | _cTextual | ||
| 040 |
_aLCO _cLCO _beng |
||
| 041 |
_2eng _aeng |
||
| 082 | _aY773:45:6, M3 | ||
| 100 |
_aClear Todd R. _9707457 |
||
| 245 | 0 | _aControlling the Offender in the Community | |
| 260 |
_aToronto _bLexington Books Canada _c1983 |
||
| 300 | _a189 | ||
| 500 | _aReforming the Community Supervision Function | ||
| 650 |
_aOFFENDER _9707458 |
||
| 700 |
_a Leary Vincent O _9707459 |
||
| 942 |
_hY773:45:6, M3 _cTEXL |
||
| 999 |
_c1190670 _d1190670 |
||